[Event "Fide Mercenarios 2nd"]
[Site "Mexico City"]
[Date "1995.??.??"]
[Round "?"]
[White "Calderin Gonzalez, Roberto"]
[Black "Araiza Nieto, Edgar"]
[Result "1-0"]
[WhiteElo "2450"]
[BlackElo "2115"]
[PlyCount "73"]
[EventDate "1995.??.??"]
[EventType "tourn"]
[EventRounds "11"]
[EventCountry "MEX"]
[SourceTitle "EXT 2000"]
[Source "ChessBase"]
[SourceDate "1999.11.16"]
[SourceVersion "1"]
[SourceVersionDate "1999.11.16"]
[SourceQuality "1"]

1. d4 Nf6 2. Nf3 g6 3. c4 Bg7 4. Nc3 d6 5. e4 0-0 6. Be2 e5 7. 0-0 Nc6 8. d5 Ne7 9. Ne1 Ne8 10. f3 f5 11. g4 Nf6 12. Be3 f4 13. Bf2 g5 14. c5 h5 15. h3 Kf7 16. cxd6 cxd6 17. Rc1 Bd7 18. Nb5 Bxb5 19. Bxb5 Rh8 20. Kg2 Rh6 21. Nd3 Qh8 22. Rh1 Qh7 23. Rc7 Rh8 24. Nxe5+ dxe5 25. d6 hxg4 26. dxe7 gxf3+ 27. Kf1 Ne8 28. Qd5+ Kg6 29. Rc8 g4 30. Rxe8 Rxh3 31. Qe6+ Kg5 32. Rg1 g3 33. Rxh8 g2+ 34. Ke1 Qxe4+ 35. Kd2 Qb4+ 36. Kc1 e4 37. Qd5+ 1-0